Elaboración y selección de materiales para la enseñanza y aprendizaje de la historia de Iberoamérica

Saved in:
Bibliographic Details
Main Author: González Muñoz, María del Carmen (Author)
Format: Book
Language:Spanish
Published: Madrid Organización de Estados Iberoamericanos para la Educación, la Ciencia y la Cultura 2001
Series:Cátedra de Historia de Iberoamérica
Subjects:
Tags: Add Tag
No Tags, Be the first to tag this record!

MARC

LEADER 00000nam a2200000 a 4500
001 UCI1646
003 CL-VaPUC
008 070713e20010000SP |||||||||||||||||spa|d
020 |a 847666124X 
082 0 4 |a 372.89  |b GON  |2 21 
100 |a González Muñoz, María del Carmen  |e author  |9 522266 
245 1 0 |a Elaboración y selección de materiales para la enseñanza y aprendizaje de la historia de Iberoamérica 
300 |a 60 p 
942 |c BK 
945 |d 20070713 00:00:00  |a rbrito 
260 |a Madrid  |b Organización de Estados Iberoamericanos para la Educación, la Ciencia y la Cultura  |c 2001 
650 0 |a Enseñanza de la historia   |9 307330 
650 0 |a Métodos de enseñanza  |9 270413 
650 0 |a Historia  |9 255047 
650 0 |a Currículo  |9 307290 
651 0 |a Iberoamérica   |9 329125 
583 |a last modification  |c 20070713 00:00:00  |k Rodrigo Vera 
490 0 |a Cátedra de Historia de Iberoamérica 
999 |c 326413  |d 326411 
952 |0 0  |1 0  |4 0  |6 372_890000000000000_GON_2001  |7 0  |8 A  |9 408287  |a BIBEDU  |b BIBEDU  |d 2019-11-22  |i 4355245  |o 372.89 GON 2001  |p 4355245  |r 2019-11-22  |w 2019-11-22  |y BK  |k EPE